| 000 | 00498nam a22001817a 4500 | ||
|---|---|---|---|
| 003 | BD-DhJNU | ||
| 005 | 20250409071555.0 | ||
| 008 | 250409b |||||||| |||| 00| 0 eng d | ||
| 020 | _a8170418720 | ||
| 040 |
_aBD-DhJNU _bENG _cBD-DhJNU _dBD-DhJNU |
||
| 082 |
_223 _a304.6 |
||
| 100 | _aHusain, Majid | ||
| 245 |
_aPopulation geography / _cMajid Husain |
||
| 260 |
_aNew Delhi : _bAnmol Publications, _c1999. |
||
| 300 |
_avi, 336 p. : _bill. ; _c23 cm. |
||
| 650 | _aPopulation | ||
| 942 |
_2ddc _cBK _n0 |
||
| 999 |
_c1558 _d1558 |
||